Voice and Data (1999 - (Record no. 270130)

MARC details
000 -LEADER
fixed length control field 00414nam a2200157Ia 4500
008 - FIXED-LENGTH DATA ELEMENTS--GENERAL INFORMATION
fixed length control field 240126s9999 xx 000 0 und d
041 ## - LANGUAGE CODE
Language code of text/sound track or separate title English
082 ## - DEWEY DECIMAL CLASSIFICATION NUMBER
Classification number LIBRARY-XIX
245 #0 - TITLE STATEMENT
Title Voice and Data (1999 -
260 ## - PUBLICATION, DISTRIBUTION, ETC.
Name of publisher, distributor, etc. Cyber House
Place of publication, distribution, etc. New Delhi
440 ## - SERIES STATEMENT/ADDED ENTRY--TITLE
Title NULL
520 ## - SUMMARY, ETC.
Summary, etc. On-Line: http://www.voicendata.com
650 ## - SUBJECT ADDED ENTRY--TOPICAL TERM
Topical term or geographic name entry element Computer Science
650 ## - SUBJECT ADDED ENTRY--TOPICAL TERM
Topical term or geographic name entry element Voice, (199, -,Computer Science
942 ## - ADDED ENTRY ELEMENTS (KOHA)
Koha item type Journals
Holdings
Date last seen Total checkouts Full call number Accession number Volume/Issue Number Price effective from Category Lost status Damaged status Department Withdrawn status Home library Current library Shelving location Entry date Vendor Grants Billdate Currency symbol Conversion rate Discount Old discount
26/01/2024   LIBRARY-XIX JN28372 20(5)(May, 2013) 26/01/2024 Journals     Central Library   Central Library Central Library     Surya Infotainment Products Pvt. Ltd. MCA 18/03/2021 RS 1    

© For any Suggestions or Query, please contact the library staff @ librarian@pes.edu or Phone: +9180 2672 1983/ 2108.